000 00598nam a22002297a 4500
001 91553
003 UA-OsUOA
005 20210120105949.0
007 ta
008 20121130b un ||||| |||| 00| 0 ukr d
040 _aUA-OsUOA
_bukr
_cUA-OsUOA
_dUA-OsUOA
041 _aukr
080 _a821.161.2
090 _a821.161.2
_bУ45
100 _aУкраїнка Л.
245 _aБуря весняна
_bлірика
260 _aК.
_bМолодь
_c1963
300 _a202 с.
650 7 _a82 Література. Літературознавство
_2UDC
942 _cBK
_2udc
955 _a3
999 _c377801
_d377801